000 00232nam a2200097Ia 4500
001 682359
005 20250826161417.0
008 250824s9999 xx 000 0 und d
245 0 _aAGATHA NIN ANAHTARI
_cAHMET ÜMİT
260 _bEVEREST
999 _c682359
_d682359